Państwa graniczące z Bułgarią - Statystyki

Ogólne statystyki
  • Ten quiz został rozwiązany 19 razy
  • Średni wynik to 5 z 5
Statystyki odpowiedzi
Państwo % Poprawnych
Serbia
100%
Grecja
94%
Rumunia
94%
Turcja
94%
Macedonia Północna
81%
Nie znaleziono quizów pasujących do podanych kryteriów
Rozkład punktacji
Procent ludzi z każdym wynikiem
Percentyl według liczby udzielonych odpowiedzi
Twoja historia wyników
Nie rozwiązałeś tego quizu